000 00822nam a22002777a 4500
003 CHAP
005 20220329134416.0
008 971013s1972 r 00010 d
010 _a20096
011 _a21068
035 _a25157
040 _cCHAP
082 _a633.42
_bA6
100 0 0 _aAppliqvist, L. A.
_eed.
_96366
245 _aRapeseed; cultivation, composition, processing and utilization
260 _aAmsterdam :
_bElsevir,
_c1972
300 _a391 p.
_b: ilus
590 _aBATCH-UPD
_b10
_c20130110
_lUCH01
_h0226
590 _aBATCH-UPD
_b10
_c20130110
_lUCH01
_h1054
590 _aCONVERSION
_b10
_c20130109
_lUCH01
_h1312
650 1 4 _aColza.
_925500
700 0 _aOhlson, Ragnar.
_982873
901 _aBK
942 _cLIBRO
949 _a633.42 A6
_bBC
_cLIBRO
_d33724000224259
_eLIBRO
_h31055
_i25157
_si
_t875.00
999 _c20096
_d20096